| 000 | 00498nam a2200169Ia 4500 | ||
|---|---|---|---|
| 003 | LK-CoDNM | ||
| 008 | 010623t1926 xxu||||| |||| 00| 1 eng d | ||
| 040 |
_aLK-CoDNM _dLK-CoDNM _eLK-CoDNM |
||
| 041 | _aeng | ||
| 080 |
_a50 _bD1 |
||
| 100 |
_aKuruppu,D.J.B _eed. |
||
| 245 | _aForward : Souvenir Record of the third Conference of Catholic reading circle other Associations | ||
| 260 |
_bCatholic Messenger _aColombo _c1926 |
||
| 300 | _b69P,23ill., 23 cm | ||
| 650 | _aChristianity | ||
| 942 | _cBK | ||
| 999 |
_c93205 _d93205 |
||